ՃԱՇԱԿ ՈՍԿԵՂԷՆ ԴՊՐՈՒԹԵԱՆ : (Record no. 183)
[ view plain ]
| 000 -LEADER | |
|---|---|
| fixed length control field | 03275nas a22003497a 4500 |
| 001 - CONTROL NUMBER | |
| control field | VMC183 |
| 003 - CONTROL NUMBER IDENTIFIER | |
| control field | MEC |
| 005 - DATE AND TIME OF LATEST TRANSACTION | |
| control field | 20260112154903.0 |
| 008 - FIXED-LENGTH DATA ELEMENTS--GENERAL INFORMATION | |
| fixed length control field | 150805d18861888tu |||pdr||||||| ||arm|d |
| 040 ## - CATALOGING SOURCE | |
| Transcribing agency | AM-YeNLA |
| Language of cataloging | arm |
| Original cataloging agency | AM-YeHGA |
| 041 0# - LANGUAGE CODE | |
| Language code of text/sound track or separate title | arm |
| 245 00 - TITLE STATEMENT | |
| Title | ՃԱՇԱԿ ՈՍԿԵՂԷՆ ԴՊՐՈՒԹԵԱՆ : |
| Remainder of title | Հանդէս Ամսօրեայ. Պատմական, Գիտնական, Բանասիրական այլովքն հանդերձ : |
| Statement of responsibility, etc. | ԸՆԴ ԽՆԱՄՈՎ՝ Ա. Մատաթիայ Գարագաշեան եւ Յ. Գուրգէնի |
| 260 ## - PUBLICATION, DISTRIBUTION, ETC. | |
| Place of publication, distribution, etc. | Ի Կ. ՊՈԼԻՍ : |
| Name of publisher, distributor, etc. | առ Յովսեփայ Գավաֆեան, |
| -- | առ Ն. Կ. Պէրպէրեան, |
| Date of publication, distribution, etc. | 1886-1888. |
| 300 ## - PHYSICAL DESCRIPTION | |
| Extent | 16 երես, ապայ 52 երես: |
| Dimensions | 19 x 12 սմ. |
| Other physical details | (ամսօրեայ, ապայ եռամսեայ) |
| 362 1# - DATES OF PUBLICATION AND/OR SEQUENTIAL DESIGNATION | |
| Source of information | 1886-1888. |
| 515 ## - NUMBERING PECULIARITIES NOTE | |
| Numbering peculiarities note | Իւրաքանչիւր տարուա հատորներու թիւերուն երեսների համարակալումը շարունակական է, եւ կը սկսի մէկ-ով։ |
| 520 ## - SUMMARY, ETC. | |
| Summary, etc. | <b>1886</b> Թիւ 1-12, 16 երես:<br/> <b>1887</b> ՏԱՐԻ Բ. Թիւ Ա., Բ., Գ., Դ., Ե., Զ., Է., Ը., Թ. եւ Ժ., ԺԱ. եւ ԺԲ.:16 երես: ՏՊԱԳՐՈՒԹԻՒՆ Յովսեփայ Գավաֆեան<br/> <b>1888</b> ՀԱՆԴԷՍ ԵՐԵՔԱՄՍԵԱՅ, ՏԱՐԻ Գ. Թիւ Ա. (Ապրիլ), Բ. (Յուլիս), 52 երես: ՏՊԱԳՐՈՒԹԻՒՆ Ն. Կ. Պէրպէրեան<br/> |
| 546 ## - LANGUAGE NOTE | |
| Language note | Բնագիրը՝ հայերէն (գրաբար) |
| 563 ## - BINDING INFORMATION | |
| Binding note | Թիւերը կազմուած եւ ամփոփուած են 3 առանձին թղթածրարներում. 1866` մէկ ծրար, դասիչն է <b>1140 Լ V-6</b>: 1887` մէկ ծրար, դասիչն է <b>1148 Լ V-6</b>: 1888` մէկ ծրար, առանց դասիչի: <br><b>Վիեննական Մխիթարեան Մենաստանում</b> առկայ են`<br/> |
| -- | <br/> <a href= "https://arar.sci.am/dlibra/publication/392919?language=hyw#structure"> <b> 1886 </a> </b>թիւ 1-12 <br/> <a href= "https://arar.sci.am/dlibra/publication//392933?language=hyw#structure"> <b> 1887 </a> Բ տարի. </b>թիւ Ա (Յունվար), թիւ Բ (Փետրվար), թիւ Գ (Մարտ), թիւ Դ (Ապրիլ), թիւ Ե (Մայիս), թիւ Զ (Յունիս), թիւ Է (Յուլիս), թիւ Ը (Օգոստոս), թիւ Թ եւ Ժ (Սեպտեմբեր եւ Հոկտեմբեր), թիւ ԺԱ եւ ԺԲ (Նոյեմբեր եւ Դեկտեմբեր) <br/> <a href= "https://arar.sci.am/dlibra/publication//392946?language=hyw#structure"> <b> 1888 </a> Գ տարի. </b>թիւ Ա (Ապրիլ), թիւ Բ (Յուլիս)<br> |
| 650 #4 - SUBJECT ADDED ENTRY--TOPICAL TERM | |
| Topical term or geographic name entry element | Գիտական մամուլ |
| Chronological subdivision | XIX դ |
| -- | 1886-1888 |
| Form subdivision | Պարբերականներ |
| 650 #4 - SUBJECT ADDED ENTRY--TOPICAL TERM | |
| Topical term or geographic name entry element | տպ. "Յ. Գավաֆեան" |
| 650 #4 - SUBJECT ADDED ENTRY--TOPICAL TERM | |
| Topical term or geographic name entry element | տպ. "Նշան Կ. Պէրպէրեան" |
| 651 #4 - SUBJECT ADDED ENTRY--GEOGRAPHIC NAME | |
| Geographic name | Իսթամպուլ |
| 651 #4 - SUBJECT ADDED ENTRY--GEOGRAPHIC NAME | |
| Geographic name | Թուրքիա |
| 651 #4 - SUBJECT ADDED ENTRY--GEOGRAPHIC NAME | |
| Geographic name | Եւրոպա |
| 655 #4 - INDEX TERM--GENRE/FORM | |
| Genre/form data or focus term | Ամսագիր |
| 700 1# - ADDED ENTRY--PERSONAL NAME | |
| Personal name | Գարագաշեան, Մատաթիայ, |
| Dates associated with a name | 1818-1903 |
| Fuller form of name | (Անտոն) |
| Relator term | խմբ. |
| 700 0# - ADDED ENTRY--PERSONAL NAME | |
| Personal name | Յակոբ, Գուրգէն, |
| Dates associated with a name | 1850-1914 |
| Fuller form of name | (Պիպեռճեան) |
| Relator term | խմբ. |
| 856 41 - ELECTRONIC LOCATION AND ACCESS | |
| Link text | Կարդալ առցանց - Read Online - Online lesen - Leggi online |
| Uniform Resource Identifier | <a href="https://arar.sci.am/dlibra/publication/392918?language=hyw#structure">https://arar.sci.am/dlibra/publication/392918?language=hyw#structure</a> |
| 942 ## - ADDED ENTRY ELEMENTS (KOHA) | |
| Source of classification or shelving scheme | Universal Decimal Classification |
| Koha item type | Ամսագրեր / Periodicals |
| Suppress in OPAC | No |
No items available.
ՎԻԵՆՆԱՅԻ ՄԵՆԱՍՏԱՆԻՆ մամուլին շտեմարանը = THE VIENNA Congregation Periodicals Portal